[Event "Rudolf Spielmann's Art of Attack"]
[Site "SchemingMind.com"]
[Date "2006.04.25"]
[Round "-"]
[White "cnbcad"]
[Black "MatdeInverses"]
[Result "0-1"]
[WhiteCountry "USA"]
[BlackCountry "USA"]
[WhiteElo "1360"]
[WhiteRD "62"]
[BlackElo "1956"]
[BlackRD "47"]
[GameID "47914"]

1. e4 e5 2. Nc3 Nf6 3. f4 d5 4. fxe5 Nxe4 5. Nxe4 dxe4 6. d4 exd3 7. Bxd3 Nc6 8. Nf3 Bc5 9. Bg5 Qd5 10. c4 Qe6
11. Rf1 Nxe5 12. Qa4+ Bd7 13. Qb3 Nxf3+ 14. Kd1 Nxg5 15. Re1 O-O-O 16. Rxe6 Bxe6 17. Kc2 Rd4 18. Rd1 Rhd8 19. a4 Rxd3 20. Rxd3 Bf5
21. h4 Rxd3
0-1

[Event "Rudolf Spielmann's Art of Attack"]
[Site "SchemingMind.com"]
[Date "2006.04.27"]
[Round "-"]
[White "MatdeInverses"]
[Black "cnbcad"]
[Result "1-0"]
[WhiteCountry "USA"]
[BlackCountry "USA"]
[WhiteElo "1978"]
[WhiteRD "46"]
[BlackElo "1315"]
[BlackRD "63"]
[GameID "47915"]

1. e4 e5 2. Nc3 Nf6 3. f4 d5 4. fxe5 Nxe4 5. Nf3 Nc6 6. Bb5 Bc5 7. d4 Bb6 8. O-O O-O 9. Bxc6 bxc6 10. Ne2 c5
11. c3 cxd4 12. cxd4 Bg4 13. Be3 f6 14. exf6 Rxf6 15. Nc3 Bxf3 16. Rxf3 Qe7 17. Nxd5 Qe6 18. Nxf6+ Nxf6 19. Qd3 Rd8 20. Rd1 c5
21. d5 Nxd5 22. Bf2 Nf6 23. Qxd8+ Bxd8 24. Rxd8+ Kf7 25. Bxc5 h5 26. a3 Qe1+ 27. Rf1
1-0

[Event "Rudolf Spielmann's Art of Attack"]
[Site "SchemingMind.com"]
[Date "2006.05.05"]
[Round "-"]
[White "Valiantangel"]
[Black "cnbcad"]
[Result "1-0"]
[WhiteCountry "SGP"]
[BlackCountry "USA"]
[WhiteElo "1914"]
[WhiteRD "106"]
[BlackElo "1300"]
[BlackRD "69"]
[GameID "48499"]

1. e4 e5 2. Nc3 Nf6 3. f4 d5 4. fxe5 Nxe4 5. Nf3 Bg4 6. Qe2 Bc5 7. Nxe4 dxe4 8. Qxe4 Bxf3 9. Qxf3 O-O 10. c3 Re8
11. d4 Bb6 12. Be2 Ba5 13. O-O Nc6 14. Qxf7+ Kh8 15. Be3 Ne7 16. Bg5
1-0

[Event "Rudolf Spielmann's Art of Attack"]
[Site "SchemingMind.com"]
[Date "2006.04.29"]
[Round "-"]
[White "Valiantangel"]
[Black "MatdeInverses"]
[Result "0-1"]
[WhiteCountry "SGP"]
[BlackCountry "USA"]
[WhiteElo "1914"]
[WhiteRD "106"]
[BlackElo "2016"]
[BlackRD "45"]
[GameID "48500"]

1. e4 e5 2. Nc3 Nf6 3. f4 d5 4. fxe5 Nxe4 5. Nf3 Be7 6. d4 O-O 7. Bd3 f5 8. exf6 Bxf6 9. O-O Nc6 10. Ne2 Nb4
11. Bb5 c6 12. Ba4 Bg4 13. c3 Na6 14. Bc2 Qe7 15. Bxe4 Qxe4 16. Ng3 Qg6 17. Bf4 h5 18. Qd2 h4 19. Nh1 Nb8 20. Ne5 Bxe5
21. Bxe5 Nd7 22. Rae1 Rae8 23. Rxf8+ Rxf8 24. Nf2 Bf3 25. Nh3 Be4 26. Bf4 Nb6 27. b3 Nd7= 28. Ng5 Nf6 29. Be5 Bf5 30. Qf4 Ne4
31. Nxe4 Bxe4 32. Qd2 h3 33. g3 Rf3 34. c4 Qf5 35. Bf4 Rd3 36. Qe2 Rxd4 37. cxd5 Bxd5 38. Qe8+ Kh7 39. Re5 Rd1+ 40. Kf2 Qc2+
41. Re2 Qg6 42. Qxg6+ Kxg6 43. Ke3 Kf5 44. Rd2 Re1+ 45. Re2 Rh1 46. Rf2 Kg4 47. Bb8 g5 48. Rd2 Kf5 49. Rf2+ Kg4 50. Bxa7 Bg2
51. Rc2 Rxh2 52. Bb8 Rh1 53. Rc4+ Kh5 54. g4+ Kh4 55. Kf2 Rf1+ 56. Ke2 Rf8
0-1

[Event "Rudolf Spielmann's Art of Attack"]
[Site "SchemingMind.com"]
[Date "2006.05.03"]
[Round "-"]
[White "cnbcad"]
[Black "Valiantangel"]
[Result "0-1"]
[WhiteCountry "USA"]
[BlackCountry "SGP"]
[WhiteElo "1300"]
[WhiteRD "69"]
[BlackElo "1914"]
[BlackRD "106"]
[GameID "48501"]

1. e4 e5 2. Nc3 Nf6 3. f4 d5 4. fxe5 Nxe4 5. Nxe4 dxe4 6. c3 Qd5 7. d4 exd3 8. Nf3 Nc6 9. Bxd3 Bc5 10. b4 Bb6
11. c4 Qd7 12. c5 Nxb4 13. O-O Bxc5+
0-1

[Event "Rudolf Spielmann's Art of Attack"]
[Site "SchemingMind.com"]
[Date "2006.05.03"]
[Round "-"]
[White "MatdeInverses"]
[Black "Valiantangel"]
[Result "1-0"]
[WhiteCountry "USA"]
[BlackCountry "SGP"]
[WhiteElo "1956"]
[WhiteRD "47"]
[BlackElo "1857"]
[BlackRD "134"]
[GameID "48502"]

1. e4 e5 2. Nc3 Nf6 3. f4 d5 4. fxe5 Nxe4 5. Nf3 Bf5 6. d3 Nxc3 7. bxc3 Be7 8. Rb1 b6 9. d4 O-O 10. Bd3 Bg4
11. O-O f6 12. Qe1 fxe5 13. Nxe5 Bh5 14. Bf4 Bf6 15. Qg3 c5 16. Qh3 Qe8 17. Bb5
1-0

[Event "Rudolf Spielmann's Art of Attack"]
[Site "SchemingMind.com"]
[Date "2006.05.05"]
[Round "-"]
[White "McKnights"]
[Black "cnbcad"]
[Result "1-0"]
[WhiteCountry "USA"]
[BlackCountry "USA"]
[WhiteElo "1805"]
[WhiteRD "60"]
[BlackElo "1315"]
[BlackRD "63"]
[GameID "48812"]

1. e4 e5 2. Nc3 Nf6 3. f4 d5 4. fxe5 Nxe4 5. Nxe4 dxe4 6. Qe2 Qh4+ 7. g3 Qg4 8. b3 Qxe2+ 9. Bxe2 Bc5 10. Bb2 Nc6
11. O-O-O O-O 12. Rf1 a5 13. Bc4 b6 14. Bd5 Bb7 15. Bxe4 Rab8 16. Nf3 Rfe8 17. h4 Nb4 18. Bxb7 Rxb7 19. c3
1-0

[Event "Rudolf Spielmann's Art of Attack"]
[Site "SchemingMind.com"]
[Date "2006.05.01"]
[Round "-"]
[White "McKnights"]
[Black "MatdeInverses"]
[Result "1/2-1/2"]
[WhiteCountry "USA"]
[BlackCountry "USA"]
[WhiteElo "1801"]
[WhiteRD "67"]
[BlackElo "1956"]
[BlackRD "47"]
[GameID "48813"]

1. e4 e5 2. Nc3 Nf6 3. f4 d5 4. fxe5 Nxe4 5. Nxe4 dxe4 6. d4 exd3 7. Bxd3 Nc6 8. Nf3 Bc5 9. Bf4 Bg4 10. h3 Be6
11. Qd2 Qd5 12. c4 Qd7 13. O-O-O O-O-O 14. Bg5 Rde8 15. Qc3 Nb4 16. Bb1 Qa4 17. a3 Nc6 18. b4 Bf8 19. Bc2 Qa6 20. Bd3 Nxe5
21. Nxe5 f6 22. c5 Qa4 23. Bc2 Qa6 24. a4 Qe2 25. Rhe1 Qxg2 26. Nf3 Qxh3 27. Bxf6 gxf6 28. Qxf6 Bh6+ 29. Ng5 Rhf8 30. Kb2 Rxf6
31. Nxh3 Bg7 32. Kb1 Bd7 33. Rxe8+ Bxe8 34. Bxh7 Bxa4 35. Bc2 Bxc2+ 36. Kxc2 b6 37. Ng5 bxc5 38. bxc5 Rc6 39. Ne4 Bf8 40. Rd5 Kb7
41. Kc3 Bg7+ 42. Kc4 a6 43. Kb4 Bf8 44. Rd8 Bh6 45. Rd7 Kc8 46. Rh7 Be3 47. Rh5 Kb7 48. Rh7 Kc8 49. Rh5 Kb7 50. Nc3 Bd2
51. Kc4 Bxc3 52. Kxc3 Rg6 53. Kb4 Kc6 54. Ka5 Kb7 55. Rf5 Rg1 56. Rf6 Ra1+ 57. Kb4 Rb1+ 58. Ka4 Ra1+ 59. Kb4 Rb1+ 60. Kc4 a5
61. Rf3 Rb4+ 62. Kd5 a4 63. Ra3 c6+ 64. Kd6 Rd4+ 65. Ke5 Rd5+ 66. Ke4 Rxc5 67. Rxa4 Rd5= 68. Rd4 Rxd4+ 69. Kxd4= Kb6 70. Kc4= c5
71. Kc3 Kb5 72. Kb3= c4+ 73. Kc3= Kc5 74. Kc2= Kb4 75. Kb2= c3+ 76. Kc2 Kc4 77. Kc1 Kb3 78. Kb1=
1/2-1/2

[Event "Rudolf Spielmann's Art of Attack"]
[Site "SchemingMind.com"]
[Date "2006.05.03"]
[Round "-"]
[White "McKnights"]
[Black "Valiantangel"]
[Result "0-1"]
[WhiteCountry "USA"]
[BlackCountry "SGP"]
[WhiteElo "1749"]
[WhiteRD "58"]
[BlackElo "1914"]
[BlackRD "106"]
[GameID "48814"]

1. e4 e5 2. Nc3 Nf6 3. f4 d5 4. fxe5 Nxe4 5. Nxe4 dxe4 6. Qe2 Qd4 7. c3 Qxe5 8. d4 Qe6 9. Nh3 f5 10. Nf4 Qf7
11. d5 Bd6 12. c4 O-O 13. Bd2 Na6 14. g3 Bd7 15. Bg2 Nc5 16. O-O a5 17. Kh1 Qf6 18. Be3 Qe7 19. Rad1 b6 20. Rfe1 a4
21. Bd4 Be5 22. Bxe5 Qxe5 23. d6 Bc6 24. dxc7 Qxc7 25. Qc2 Rad8 26. b4 axb3 27. axb3 g5 28. Ne2 Nd3 29. Rf1 Bb7 30. Nc3 Qc5
31. Nb5 Bc6 32. Qe2 Bxb5 33. cxb5 Nf2+ 34. Rxf2 Rxd1+ 35. Bf1 Qc1 36. Kg2 Kg7 37. Qh5 h6 38. h4 Rd6 39. Bc4 Rd2 40. hxg5 Rxf2+
41. Kxf2 hxg5 42. Qe2 Qc3 43. Kg2 Qf3+ 44. Qxf3 exf3+ 45. Kxf3 Kf6 46. Ke3 Ke5 47. Kf3 Kd4 48. g4 f4 49. Kf2 Re8 50. Be2 Rxe2+
51. Kxe2 Kc3
0-1

[Event "Rudolf Spielmann's Art of Attack"]
[Site "SchemingMind.com"]
[Date "2006.05.01"]
[Round "-"]
[White "cnbcad"]
[Black "McKnights"]
[Result "0-1"]
[WhiteCountry "USA"]
[BlackCountry "USA"]
[WhiteElo "1315"]
[WhiteRD "63"]
[BlackElo "1805"]
[BlackRD "60"]
[GameID "48815"]

1. e4 e5 2. Nc3 Nf6 3. f4 Nc6 4. fxe5 Nxe5 5. d4 Nc6 6. e5 Ng8 7. Nf3 Bb4 8. Bd2 Nge7 9. a3 Bxc3 10. Bxc3 O-O
11. Qd3 d5 12. O-O-O Be6 13. Ng5 Ng6 14. h4 h6 15. Nxe6 fxe6 16. Qxg6 Ne7 17. Qg4 Nf5 18. Bd2 Kh8 19. Bd3 Qe7
0-1

[Event "Rudolf Spielmann's Art of Attack"]
[Site "SchemingMind.com"]
[Date "2006.05.01"]
[Round "-"]
[White "MatdeInverses"]
[Black "McKnights"]
[Result "0-1"]
[WhiteCountry "USA"]
[BlackCountry "USA"]
[WhiteElo "1956"]
[WhiteRD "47"]
[BlackElo "1801"]
[BlackRD "67"]
[GameID "48816"]

1. e4 e5 2. Nc3 Nf6 3. f4 Nc6 4. Nf3 d6 5. Bc4 Bg4 6. d3 Nd4 7. O-O Nxf3+ 8. gxf3 Bh3 9. Rf2 c6 10. d4 exd4
11. Qxd4 Be7 12. Be3 O-O 13. f5 b5 14. Be2 c5 15. Qd2 b4 16. Nd1 d5 17. e5 d4 18. Bg5 Nd5 19. f6 gxf6 20. Bh6 fxe5
21. Bc4 Kh8 22. Bxf8 Bxf8 23. Bxd5 Qxd5 24. Ne3 Qc6 25. Ng4 Bxg4 26. fxg4 Bh6 27. g5 Bxg5 28. Qxg5 Rg8 29. Qxg8+ Kxg8 30. Raf1 Qe4
31. Rg2+ Kf8 32. Rgf2 Qg6+ 33. Rg2 Qe6 34. Re2 e4 35. b3 e3 36. Ree1 f5
0-1

[Event "Rudolf Spielmann's Art of Attack"]
[Site "SchemingMind.com"]
[Date "2006.05.01"]
[Round "-"]
[White "Valiantangel"]
[Black "McKnights"]
[Result "1-0"]
[WhiteCountry "SGP"]
[BlackCountry "USA"]
[WhiteElo "1914"]
[WhiteRD "106"]
[BlackElo "1749"]
[BlackRD "58"]
[GameID "48817"]

1. e4 e5 2. Nc3 Nf6 3. f4 Nc6 4. fxe5 Nxe5 5. d4 Nc6 6. e5 Ng8 7. Nf3 Bb4 8. Bc4 Nge7 9. O-O O-O 10. Nd5 Nxd5
11. Bxd5 Ne7 12. Be4 Ng6 13. Bg5 Be7 14. Be3 d5 15. Bd3 Be6 16. c3 b6 17. b4 c6 18. a4 Qc7 19. Rc1 c5 20. bxc5 bxc5
21. Qd2 c4 22. Bc2 Rab8 23. Rb1 Bd7 24. Ng5 Bxg5 25. Bxg5 Be6 26. h4 Qd7 27. h5 Ne7 28. h6 g6 29. Qf4 Nf5 30. g4 Rxb1
31. Bxb1 f6 32. Bxf6 Ne7 33. Qg5 Rf7 34. Bg7 Rxf1+ 35. Kxf1 Bxg4 36. Qf6 Qe8 37. e6 Nf5 38. Qe5 Ne7 39. Bc2 Bf5 40. Bd1 Bd3+
41. Kg2 Nf5 42. Bg4 Be4+ 43. Kf2 Ne7 44. a5 Qa4 45. Qb8+
1-0

[Event "Rudolf Spielmann's Art of Attack"]
[Site "SchemingMind.com"]
[Date "2006.05.02"]
[Round "-"]
[White "sdokupil"]
[Black "MatdeInverses"]
[Result "0-1"]
[WhiteCountry "USA"]
[BlackCountry "USA"]
[WhiteElo "1373"]
[WhiteRD "164"]
[BlackElo "1956"]
[BlackRD "47"]
[GameID "49033"]

1. e4 e5 2. Nc3 Nf6 3. f4 d5 4. fxe5 Nxe4 5. Nxe4 dxe4 6. d3 exd3 7. Bxd3 Nc6 8. Nf3 Bc5 9. Bb5 Qxd1+ 10. Kxd1 Bd7
11. Bxc6 Bxc6 12. Re1 O-O-O+ 13. Bd2 Rhe8 14. c4 h6 15. h4 Bf2 16. Re2 Bxf3 17. gxf3 Bxh4 18. Rc1 Rxd2+ 19. Kxd2 Bg5+ 20. Kc2 Bxc1
21. Kxc1 Kd7 22. f4 Ke6 23. b4 Kf5 24. Rf2 Rd8 25. a4 Rd4 26. Rg2 Rxc4+ 27. Kd2 g6 28. a5 Rxb4 29. Rf2 Rxf4 30. Rxf4+ Kxf4
31. Kd3 Kxe5
0-1

[Event "Rudolf Spielmann's Art of Attack"]
[Site "SchemingMind.com"]
[Date "2006.05.03"]
[Round "-"]
[White "sdokupil"]
[Black "Valiantangel"]
[Result "0-1"]
[WhiteCountry "USA"]
[BlackCountry "SGP"]
[WhiteElo "1489"]
[WhiteRD "116"]
[BlackElo "1914"]
[BlackRD "106"]
[GameID "49034"]

1. e4 e5 2. Nc3 Nf6 3. f4 d5 4. fxe5 Nxe4 5. Nxe4 dxe4 6. d3 Qd4 7. Ne2 Qxe5 8. d4 Qd5 9. Be3 Bg4 10. h3 Bf5
11. Nf4 Qd7 12. d5 Bd6 13. c4 O-O 14. g4 Bxf4 15. Bxf4 Bg6 16. Bg2 Na6 17. Qd4 Nb4 18. Bxe4 Rfe8 19. Be5 Bxe4 20. Qxe4 f6
21. O-O-O Rxe5 22. Qd4 Nxa2+ 23. Kb1 Nb4 24. h4 Qa4 25. c5 Qc2+ 26. Ka1 a5 27. d6 Rd5 28. Qe3 Rxd1+ 29. Rxd1 Qxd1+ 30. Qc1 Qxc1#
0-1

[Event "Rudolf Spielmann's Art of Attack"]
[Site "SchemingMind.com"]
[Date "2006.05.02"]
[Round "-"]
[White "sdokupil"]
[Black "McKnights"]
[Result "0-1"]
[WhiteCountry "USA"]
[BlackCountry "USA"]
[WhiteElo "1373"]
[WhiteRD "164"]
[BlackElo "1801"]
[BlackRD "67"]
[GameID "49035"]

1. e4 e5 2. Nc3 Nf6 3. f4 d5 4. fxe5 Nxe4 5. Qf3 Nc6 6. Nxe4 Nd4 7. Qd3 dxe4 8. Qxe4 Bf5 9. Qf4 Nxc2+ 10. Kd1 Bg6
11. Rb1 Bc5 12. Bb5+ c6 13. Ba4 Ne3+ 14. Ke2 Qd3+ 15. Kf2 Qf1+ 16. Kg3 Qxg2+ 17. Kh4 Be7+ 18. Qg5 Nf5#
0-1

[Event "Rudolf Spielmann's Art of Attack"]
[Site "SchemingMind.com"]
[Date "2006.05.02"]
[Round "-"]
[White "cnbcad"]
[Black "sdokupil"]
[Result "0-1"]
[WhiteCountry "USA"]
[BlackCountry "USA"]
[WhiteElo "1315"]
[WhiteRD "63"]
[BlackElo "1475"]
[BlackRD "121"]
[GameID "49036"]

1. e4 e5 2. Nc3 Nf6 3. f4 exf4 4. e5 Ng8 5. d4 g5 6. b3 Be7 7. Bb2 f6 8. exf6 Nxf6 9. Nf3 g4 10. Ne5 Nc6
0-1

[Event "Rudolf Spielmann's Art of Attack"]
[Site "SchemingMind.com"]
[Date "2006.05.02"]
[Round "-"]
[White "MatdeInverses"]
[Black "sdokupil"]
[Result "1-0"]
[WhiteCountry "USA"]
[BlackCountry "USA"]
[WhiteElo "1956"]
[WhiteRD "47"]
[BlackElo "1373"]
[BlackRD "164"]
[GameID "49037"]

1. e4 e5 2. Nc3 Nf6 3. f4 Bd6 4. Nf3 Nc6 5. d4 Nxd4 6. Nxd4 exd4 7. Qxd4 Qe7 8. Be3 Bb4 9. O-O-O Bxc3 10. Qxc3 c6
11. e5 Nd5 12. Rxd5 cxd5 13. Bc5 Qe6 14. Bd6 f6 15. Bd3 b6 16. f5 Qf7 17. exf6 gxf6 18. Re1+ Kd8 19. Qc7#
1-0

[Event "Rudolf Spielmann's Art of Attack"]
[Site "SchemingMind.com"]
[Date "2006.05.02"]
[Round "-"]
[White "Valiantangel"]
[Black "sdokupil"]
[Result "1-0"]
[WhiteCountry "SGP"]
[BlackCountry "USA"]
[WhiteElo "1864"]
[WhiteRD "136"]
[BlackElo "1475"]
[BlackRD "121"]
[GameID "49038"]

1. e4 e5 2. Nc3 Nf6 3. f4 d6 4. Nf3 Bg4 5. Bc4 exf4 6. d4 g5 7. Qd3 Bxf3 8. Qxf3 Nc6 9. Bb5 Qe7 10. Bxc6+ bxc6
11. Bd2 d5 12. e5 Ne4 13. Nxe4 dxe4 14. Qxe4 Qe6 15. O-O O-O-O 16. Bc3 c5 17. dxc5 Bxc5+ 18. Kh1 Qg6 19. Qa8+ Kd7 20. Qd5+ Kc8
21. Qxc5 Qxc2 22. Qxa7 g4 23. e6 fxe6 24. Bxh8 Rxh8 25. Qa8+ Kd7 26. Qxh8 f3 27. gxf3 gxf3 28. Rxf3 e5 29. Qg7+ Kc6 30. Rc3+
1-0

[Event "Rudolf Spielmann's Art of Attack"]
[Site "SchemingMind.com"]
[Date "2006.05.02"]
[Round "-"]
[White "McKnights"]
[Black "sdokupil"]
[Result "1-0"]
[WhiteCountry "USA"]
[BlackCountry "USA"]
[WhiteElo "1801"]
[WhiteRD "67"]
[BlackElo "1373"]
[BlackRD "164"]
[GameID "49039"]

1. e4 e5 2. Nc3 Nf6 3. f4 Nc6 4. fxe5 Nxe5 5. d4 Nc6 6. e5 Ng8 7. Nf3 d6 8. Bb5 a6 9. Bxc6+ bxc6 10. O-O g6
11. Bf4 Bg7 12. exd6 cxd6 13. Re1+ Kd7 14. Ne4 d5 15. Nc5#
1-0

[Event "Rudolf Spielmann's Art of Attack"]
[Site "SchemingMind.com"]
[Date "2006.05.05"]
[Round "-"]
[White "palaciorep"]
[Black "cnbcad"]
[Result "1-0"]
[WhiteCountry "ARG"]
[BlackCountry "USA"]
[WhiteElo "1615"]
[WhiteRD "83"]
[BlackElo "1315"]
[BlackRD "63"]
[GameID "49058"]

1. e4 e5 2. Nc3 Nf6 3. f4 d5 4. fxe5 Nxe4 5. Nxe4 dxe4 6. d3 exd3 7. Bxd3 Nc6 8. Bf4 Qd4 9. Qc1 Bc5 10. Bg3 O-O
11. Nf3 Re8 12. Nxd4 Bxd4 13. Qg5 Nxe5 14. Bxe5 Bxe5 15. O-O-O
1-0

[Event "Rudolf Spielmann's Art of Attack"]
[Site "SchemingMind.com"]
[Date "2006.05.02"]
[Round "-"]
[White "palaciorep"]
[Black "MatdeInverses"]
[Result "0-1"]
[WhiteCountry "ARG"]
[BlackCountry "USA"]
[WhiteElo "1585"]
[WhiteRD "90"]
[BlackElo "1956"]
[BlackRD "47"]
[GameID "49059"]

1. e4 e5 2. Nc3 Nf6 3. f4 d5 4. fxe5 Nxe4 5. Nxe4 dxe4 6. d3 exd3 7. Bxd3 Nc6 8. Nf3 Bc5 9. Bg5 Qd5 10. Qe2 Nd4
11. Nxd4 Bxd4 12. c3 Bb6 13. Rf1 Be6 14. c4 Ba5+ 15. Bd2 Bxd2+ 16. Kxd2 Qa5+ 17. Kc2 O-O-O 18. b3 Rd7 19. a4 Rhd8 20. Rad1 Qb4
21. Qe3 Kb8 22. Be2 Qa3 23. Rxd7 Rxd7 24. Rd1 Rxd1 25. Bxd1 Qa2+ 26. Kd3 Qxg2 27. h4 Qh3 28. Bf3 Qxh4 29. Qc5 Qd8+ 30. Kc3 c6
31. Qe3 g5 32. Qe4 g4 33. Bxg4 Qh4 34. Qf3 Qxg4 35. Qf6 a6 36. a5 Qg3+ 37. Kb2 Qg1 38. Qd8+ Ka7 39. Qd6 Qe3 40. Ka2 h5
41. Kb2 h4 42. Qd8 Qxe5+ 43. Ka3 h3 44. Qb6+ Ka8 45. Qd8+ Qb8 46. Qd1 h2 47. c5 Bd5
0-1

[Event "Rudolf Spielmann's Art of Attack"]
[Site "SchemingMind.com"]
[Date "2006.05.03"]
[Round "-"]
[White "palaciorep"]
[Black "Valiantangel"]
[Result "0-1"]
[WhiteCountry "ARG"]
[BlackCountry "SGP"]
[WhiteElo "1570"]
[WhiteRD "80"]
[BlackElo "1914"]
[BlackRD "106"]
[GameID "49060"]

1. e4 e5 2. Nc3 Nf6 3. f4 d5 4. fxe5 Nxe4 5. Nxe4 dxe4 6. Qe2 Qd4 7. g3 Qxe5 8. Bg2 f5 9. d3 Bb4+ 10. c3 Bxc3+
11. Bd2 Bxd2+ 12. Qxd2 O-O 13. dxe4 fxe4 14. O-O-O Bf5 15. Ne2 Nc6 16. Qd5+ Qxd5 17. Rxd5 Nb4 18. Rb5 Nd3+ 19. Kd2 b6 20. Nd4 Bg6
21. Rf1 c5 22. Ne6 Rxf1 23. Bxf1 Kf7 24. Bxd3 Kxe6 25. Bc4+ Ke5 26. Rb3 Rf8 27. h4 Rf2+ 28. Kc1 Rf3 29. Rxf3 exf3 30. Kd2 Kf5
31. Ke3= Kg4 32. Kf2= Bf5 33. b3= Be4 34. a4 Bb7 35. Bg8 Be4 36. Be6+= Kh5 37. Ke3= Bb7 38. Bg8 Kg6 39. Be6 h5 40. g4 Kf6
41. Bd7 hxg4 42. Bxg4 Ke5 43. h5 Bd5 44. Bxf3 Bxb3 45. Bc6 Kf5 46. Kd3 Kg5 47. Be8 Bd1 48. a5 Bxh5 49. Bd7 Bg4 50. axb6 axb6
51. Ba4 Kf4 52. Kc3 Be6 53. Be8 g5 54. Kd3 g4
0-1

[Event "Rudolf Spielmann's Art of Attack"]
[Site "SchemingMind.com"]
[Date "2006.05.03"]
[Round "-"]
[White "palaciorep"]
[Black "sdokupil"]
[Result "1/2-1/2"]
[WhiteCountry "ARG"]
[BlackCountry "USA"]
[WhiteElo "1615"]
[WhiteRD "83"]
[BlackElo "1475"]
[BlackRD "121"]
[GameID "49061"]

1. e4 e5 2. Nc3 Nf6 3. f4 d5 4. fxe5 Nxe4 5. Nxe4 dxe4 6. Qh5 g6 7. Qe2 f5 8. b3 Bc5 9. Qb5+ Nd7 10. Ne2 c6
11. Qc4 Qe7 12. Bb2 Nxe5 13. Bxe5 Qxe5 14. Rd1 Be6 15. Qc3 Qxc3 16. Nxc3 Rd8 17. Na4 Ba3 18. d3 exd3 19. Rxd3 Rxd3 20. Bxd3 b5
21. Nc3 Bb2 22. Nd1 Be5 23. O-O h5 24. Re1 Bd4+ 25. Kf1 Kf7 26. c3 Bf6 27. c4 bxc4 28. Bxc4 Bxc4+ 29. bxc4 g5 30. Re3 f4
31. Rb3 Kg6 32. Rb7 Rd8 33. Ke2 a5 34. Rc7 Rd6 35. Nf2 Re6+ 36. Kd3=
1/2-1/2

[Event "Rudolf Spielmann's Art of Attack"]
[Site "SchemingMind.com"]
[Date "2006.05.02"]
[Round "-"]
[White "palaciorep"]
[Black "McKnights"]
[Result "0-1"]
[WhiteCountry "ARG"]
[BlackCountry "USA"]
[WhiteElo "1585"]
[WhiteRD "90"]
[BlackElo "1801"]
[BlackRD "67"]
[GameID "49062"]

1. e4 e5 2. Nc3 Nf6 3. f4 d5 4. fxe5 Nxe4 5. Nxe4 dxe4 6. Bc4 Nc6 7. Bb5 Qd5 8. Bxc6+ bxc6 9. Ne2 Bg4 10. h3 Bh5
11. g4 Bg6 12. Rg1 Bc5 13. Rf1 Qxe5 14. d4 exd3 15. cxd3 Rd8 16. Bf4 Qxb2 17. d4 Bxd4 18. Nxd4 Rxd4 19. Qc1 Re4+ 20. Kd1 Qe2#
0-1

[Event "Rudolf Spielmann's Art of Attack"]
[Site "SchemingMind.com"]
[Date "2006.05.02"]
[Round "-"]
[White "cnbcad"]
[Black "palaciorep"]
[Result "0-1"]
[WhiteCountry "USA"]
[BlackCountry "ARG"]
[WhiteElo "1315"]
[WhiteRD "63"]
[BlackElo "1615"]
[BlackRD "83"]
[GameID "49063"]

1. e4 e5 2. Nc3 Nf6 3. f4 exf4 4. e5 Ng8 5. d4 Bb4 6. Ne2 Qh4+ 7. g3 fxg3 8. Nxg3 Bxc3+ 9. bxc3 Ne7 10. Ba3 O-O
11. Qf3 d6 12. O-O-O Ng6 13. exd6 Bg4 14. Qxb7 Bxd1
0-1

[Event "Rudolf Spielmann's Art of Attack"]
[Site "SchemingMind.com"]
[Date "2006.05.03"]
[Round "-"]
[White "MatdeInverses"]
[Black "palaciorep"]
[Result "1-0"]
[WhiteCountry "USA"]
[BlackCountry "ARG"]
[WhiteElo "1956"]
[WhiteRD "47"]
[BlackElo "1585"]
[BlackRD "90"]
[GameID "49064"]

1. e4 e5 2. Nc3 Nf6 3. f4 d5 4. fxe5 Nxe4 5. Nf3 Nxc3 6. bxc3 Bg4 7. d4 Nd7 8. Rb1 Nb6 9. Bd3 h6 10. O-O Be7
11. Qe1 Bxf3 12. Rxf3 O-O 13. Qg3 Bg5 14. Ba3 Re8 15. Rbf1 f6 16. h4 Bd2 17. exf6 Rf8 18. Qxg7#
1-0

[Event "Rudolf Spielmann's Art of Attack"]
[Site "SchemingMind.com"]
[Date "2006.05.03"]
[Round "-"]
[White "Valiantangel"]
[Black "palaciorep"]
[Result "1-0"]
[WhiteCountry "SGP"]
[BlackCountry "ARG"]
[WhiteElo "1914"]
[WhiteRD "106"]
[BlackElo "1570"]
[BlackRD "80"]
[GameID "49065"]

1. e4 e5 2. Nc3 Nf6 3. f4 d5 4. fxe5 Nxe4 5. Nf3 Nxc3 6. bxc3 Bg4 7. d4 Nd7 8. Bd3 c5 9. O-O c4 10. Be2 Be7
11. a4 O-O 12. a5 b6 13. axb6 Qxb6 14. Ng5 Bxe2 15. Qxe2 Bxg5 16. Bxg5 Qg6 17. Be7 Rfe8 18. Bb4 f5 19. Qf3 Qe6 20. Qxf5 Qxf5
21. Rxf5 g6 22. Rf3 Nb6 23. Rf6 Nc8 24. Raa6 Ne7 25. g4 Kg7 26. Bc5 Nc8 27. Kg2 Rd8 28. Rfc6 Rd7 29. g5 Ne7 30. Bxe7 Rxe7
31. Rd6 Rb8 32. Rxd5 Rb2 33. e6 Rxc2+ 34. Kg1 Kf8 35. Rd8+ Kg7 36. Rd7 Kf8 37. Rdxa7 Rxc3 38. Ra8+ Kg7 39. Rd6 Rc1+ 40. Kg2 Rc2+
41. Kf3 Rb2 42. Rd7 Rb7 43. Rxe7+ Rxe7 44. d5 h6 45. h4 c3 46. Rc8 hxg5 47. hxg5 Ra7 48. Rxc3 Ra5 49. Ke4 Ra4+ 50. Ke5 Ra7
51. Rc5 Ra1 52. Kd6 Ra6+ 53. Ke5 Ra1 54. Rc7+ Kf8 55. Kf6 Rf1+ 56. Kxg6 Ke8 57. d6 Re1 58. Rc8#
1-0

[Event "Rudolf Spielmann's Art of Attack"]
[Site "SchemingMind.com"]
[Date "2006.05.02"]
[Round "-"]
[White "sdokupil"]
[Black "palaciorep"]
[Result "0-1"]
[WhiteCountry "USA"]
[BlackCountry "ARG"]
[WhiteElo "1475"]
[WhiteRD "121"]
[BlackElo "1615"]
[BlackRD "83"]
[GameID "49066"]

1. e4 e5 2. Nc3 Nf6 3. f4 exf4 4. e5 Ng8 5. d4 g5 6. Nf3 h6 7. Bd3 Bb4 8. h4 g4 9. Nh2 Bxc3+ 10. bxc3 Qxh4+
11. Kf1 g3 12. Qg4 Qxg4 13. Nxg4 d6 14. Be2 h5 15. Nf6+ Nxf6 16. exf6 Rh6 17. Bxh5 Bg4 18. Bxf4 Rxh5 19. Rxh5 Bxh5 20. Bxg3 Nd7
21. Re1+ Kf8 22. Bh4 Re8 23. Rd1 Bxd1
0-1

[Event "Rudolf Spielmann's Art of Attack"]
[Site "SchemingMind.com"]
[Date "2006.05.03"]
[Round "-"]
[White "McKnights"]
[Black "palaciorep"]
[Result "1-0"]
[WhiteCountry "USA"]
[BlackCountry "ARG"]
[WhiteElo "1801"]
[WhiteRD "67"]
[BlackElo "1585"]
[BlackRD "90"]
[GameID "49067"]

1. e4 e5 2. Nc3 Nf6 3. f4 d5 4. d3 dxe4 5. fxe5 Ng8 6. Nxe4 Be6 7. Nf3 Be7 8. Be3 Bg4 9. Qe2 Nc6 10. O-O-O Nxe5
11. d4 Bxf3 12. gxf3 Nd7 13. Bh3 Ngf6 14. Bxd7+ Nxd7 15. Ng3 g6 16. Rhe1 O-O 17. Qg2 Bh4 18. f4 c6 19. d5 c5 20. Bf2 Bxg3
21. Bxg3 b6 22. d6 Re8 23. Kb1 Rxe1 24. Rxe1 Nf8 25. f5 a5 26. Re7 Nd7 27. Qd5 Qf8 28. fxg6 Rd8 29. gxf7+ Kg7 30. Qg5+ Kh8
31. Be5+ Nxe5 32. Qxe5+ Qg7 33. Re8+
1-0